| 000 -LEADER |
| fixed length control field |
01721mam a2200313 a 4500 |
| 001 - CONTROL NUMBER |
| control field |
1973484 |
| 003 - CONTROL NUMBER IDENTIFIER |
| control field |
OSt |
| 005 - DATE AND TIME OF LATEST TRANSACTION |
| control field |
20170105113126.0 |
| 008 - FIXED-LENGTH DATA ELEMENTS--GENERAL INFORMATION |
| fixed length control field |
941213s1996 nyua b 001 0 eng |
| 010 ## - LIBRARY OF CONGRESS CONTROL NUMBER |
| LC control number |
94048015 |
| 020 ## - INTERNATIONAL STANDARD BOOK NUMBER |
| International Standard Book Number |
0070592411 |
| 035 ## - SYSTEM CONTROL NUMBER |
| System control number |
(OCoLC)ocm31753807 |
| 035 ## - SYSTEM CONTROL NUMBER |
| System control number |
(NNC)1973484 |
| 040 ## - CATALOGING SOURCE |
| Original cataloging agency |
DLC |
| Transcribing agency |
DLC |
| Modifying agency |
AKR |
| -- |
C#P |
| -- |
OrLoB-B |
| 050 04 - LIBRARY OF CONGRESS CALL NUMBER |
| Classification number |
TA403 |
| Item number |
.S596 1996 |
| 082 00 - DEWEY DECIMAL CLASSIFICATION NUMBER |
| Classification number |
620.1/1 |
| Edition number |
20 |
| 100 1# - MAIN ENTRY--PERSONAL NAME |
| Personal name |
Smith, William F. |
| Fuller form of name |
(William Fortune), |
| Dates associated with a name |
1931- |
| 245 10 - TITLE STATEMENT |
| Title |
Principles of materials science and engineering / |
| Statement of responsibility, etc. |
William F. Smith. |
| 250 ## - EDITION STATEMENT |
| Edition statement |
3rd ed. |
| 260 ## - PUBLICATION, DISTRIBUTION, ETC. |
| Place of publication, distribution, etc. |
New York : |
| Name of publisher, distributor, etc. |
McGraw-Hill, |
| Date of publication, distribution, etc. |
c1996. |
| 300 ## - PHYSICAL DESCRIPTION |
| Extent |
xv, 892 p. : |
| Other physical details |
ill. (some col.) ; |
| Dimensions |
25 cm. |
| 490 1# - SERIES STATEMENT |
| Series statement |
McGraw-Hill series in materials science and engineering |
| 504 ## - BIBLIOGRAPHY, ETC. NOTE |
| Bibliography, etc. note |
Includes bibliographical references and index. |
| 505 00 - FORMATTED CONTENTS NOTE |
| Miscellaneous information |
Ch. 1. |
| Title |
Introduction to Materials Science and Engineering -- |
| Miscellaneous information |
Ch. 2. |
| Title |
Atomic Structure and Bonding -- |
| Miscellaneous information |
Ch. 3. |
| Title |
Crystal Structures and Crystal Geometry -- |
| Miscellaneous information |
Ch. 4. |
| Title |
Solidification, Crystalline Imperfections, and Diffusion in Solids -- |
| Miscellaneous information |
Ch. 5. |
| Title |
Electrical Properties of Materials -- |
| Miscellaneous information |
Ch. 6. |
| Title |
Mechanical Properties of Metals -- |
| Miscellaneous information |
Ch. 7. |
| Title |
Polymeric Materials -- |
| Miscellaneous information |
Ch. 8. |
| Title |
Phase Diagrams -- |
| Miscellaneous information |
Ch. 9. |
| Title |
Engineering Alloys -- |
| Miscellaneous information |
Ch. 10. |
| Title |
Ceramic Materials -- |
| Miscellaneous information |
Ch. 11. |
| Title |
Magnetic Materials -- |
| Miscellaneous information |
Ch. 12. |
| Title |
Corrosion -- |
| Miscellaneous information |
Ch. 13. |
| Title |
Composite Materials -- |
| Miscellaneous information |
Ch. 14. |
| Title |
Optical Properties and Superconducting Materials -- |
| Miscellaneous information |
App. I. |
| Title |
Some Properties of Selected Elements -- |
| Miscellaneous information |
App. II. |
| Title |
Ionic Radii of the Elements -- |
| Miscellaneous information |
App. III. |
| Title |
Selected Physical Quantities and Their Units. |
| 650 #0 - SUBJECT ADDED ENTRY--TOPICAL TERM |
| Topical term or geographic name entry element |
Materials. |
| 830 #0 - SERIES ADDED ENTRY--UNIFORM TITLE |
| Uniform title |
McGraw-Hill series in materials science and engineering. |
| 900 ## - EQUIVALENCE OR CROSS-REFERENCE-PERSONAL NAME [LOCAL, CANADA] |
| Numeration |
TOC |
| 942 ## - ADDED ENTRY ELEMENTS (KOHA) |
| Source of classification or shelving scheme |
|
| Koha item type |
Book |